000
00307nam a2200145Ia 4500
100
_a
Prasad/ Jainti/ Shukla/M.C.
250
_a
2
942
_c
BK
654
_a
materials
245
_a
Strength Of Materials
260
_b
CBS
_a
Delhi
_c
1983
082
_a
620.112
_b
PRA
300
_a
488
546
_a
ENGLISH
999
_c
33259
_d
33259